Представление документа в формате MARC21

Поле Инд. ПП Название Значение
Тип записи a
Библиографический уровень b
001 Контрольный номер AdmiBIBL00015725AdmiBIBL00016104
005 Дата корректировки 20180409143914.4
008 Кодируемые данные 071115
040 a Служба первич. каталог. НБ ТвГУ
041 a Код языка текста rus
098 b Факультет Педагогический
c Кафедра русского языка с методикой начального обучения
100 1_ a Автор Белякова С. П.
245 00 a Заглавие Программа обучения письму и чтению детей дошкольного возраста в центрах дополнительного образования
c Ответственность С. П. Белякова
650 a Основная рубрика Подготовка дошкольников к школе
650 a Основная рубрика Обучение чтению
650 a Основная рубрика Обучение письму
650 a Основная рубрика Центры дополнительного образования
653 a Ключевые слова Обучение дошкольников
a Ключевые слова Обучение письму
a Ключевые слова Обучение чтению
a Ключевые слова Программы обучения
a Ключевые слова Труды Тверского государственного университета
700 1_ a Другие авторы Бабушкина Т. В.
e Роль лиц отв. ред.
773 w Контрольный № источника RU/IS/BASE/356616740
t Название источника Родная словесность в школе и вузе : межвуз. сб. науч. тр. /Твер. гос. ун-т ; [редкол.: Т. В. Бабушкина (отв. ред.) и др.]
d Место и дата издания Тверь : ТвГУ, 2004
g Прочая информация С. 81- 90
852 h Классифик. часть индекса *
856 u URL http://texts.lib.tversu.ru/texts/09036t.pdf
x Примечание для ЭОР Лицензионный договор 2014
i Дата подключения ЭОР 2014
x Примечание для ЭОР Реестр суммарного учета сетевых локальных документов
901 t Тип документа a
999 a Подразделение 2 В б-ке нет